000 00818cam a2200253 i 4500
008
020 _a9781137569905 (hbk.)
090 _aHM856.43
_bCHA
245 0 0 _aChanging our environment, changing ourselves :
_bnature, labour, knowledge and alienation /
_cJames S. Ormrod.
260 _aLondon :
_bPalgrave Macmillan,
_c2016
300 _axvii, 315 p. :
_bill. ;
_c22 cm.
500 _aIncludes index.
504 _aIncludes bibliographical references.
650 0 _aSocial change
_xEnvironmental aspects
_vCongresses.
650 _aEnvironment.
700 1 _aOrmrod, James S.
700 1 _aDickens, Peter.
907 _a.b10392191
_b20-09-18
_c18-09-18
003
005 20230123141123.0
040 _cNUST
049 _aMAIN
942 _cBOOKS
_kHM856.43
_mCHA
999 _c168027
_d168027